000 00918 a2200217 4500
020 _a0750606738
020 _a9780750606738
082 0 4 _a658.002462
090 _c2340
_d2340
100 1 _aHenderson, Steven.
245 1 0 _aManagement for engineers /
_cSteven Henderson.
260 _a[S.l.] :
_bButterworth-Heinemann,
_c1994.
300 _a300 p. ;
_c25 cm.
500 _aPaperback.
520 _aAn introductory textbook for students who combine engineering with business and management studies at undergraduate and BTEC higher level. It is also suitable for qualified engineers taking part-time courses in management.
700 1 _aIllidge, Robert.
700 1 _aMcHardy, Peter.
856 4 0 _3Amazon.com
_uhttp://www.amazon.com/exec/obidos/ASIN/0750606738/chopaconline-20
856 4 0 _3Amazon customer reviews
_uhttp://www.chopac.org/cgi-bin/tools/azrev.pl?q=0750606738
942 _aNBS
_cBK
_k658.002463 HEN
999 _c344839
_d344839